Antología asturiana (Record no. 38575)

MARC details
000 -LEADER
campo de control de longitud fija 00446nam a2200157 i 4500
001 - NÚMERO DE CONTROL
campo de control 38575
003 - IDENTIFICADOR DE NÚMERO DE CONTROL
campo de control ES-MaACL
005 - FECHA Y HORA DE LA ÚLTIMA TRANSACCIÓN
campo de control 20230906155800.0
007 - CAMPO FIJO DE DESCRIPCIÓN FÍSICA--INFORMACIÓN GENERAL
campo de control de longitud fija t|
008 - DATOS DE LONGITUD FIJA--INFORMACIÓN GENERAL
campo de control de longitud fija 030226s1965 mx ||||1| spa d
100 1# - ENTRADA PRINCIPAL--NOMBRE DE PERSONA
Nombre de persona Camín, Alfonso.
9 (RLIN) 34074
245 10 - MENCIÓN DEL TÍTULO
Título Antología asturiana
Resto del título : (poemas en castellano) /
Mención de responsabilidad, etc. Alfonso Camin.
260 ## - PUBLICACIÓN, DISTRIBUCIÓN, ETC.
Lugar de publicación, distribución, etc. México :
Nombre del editor, distribuidor, etc. [s.n.,
Fecha de publicación, distribución, etc. 1965] (
Fabricante Azteca)
300 ## - DESCRIPCIÓN FÍSICA
Extensión 780 p. ;
Dimensiones 20 cm.
852 ## - LOCALIZACIÓN
Ubicación ES-MaACL
Número de control de estantería C-43577
Sublocalización o colección R.79389
Holdings
Estatus retirado Estado de pérdida Estado de daño No para préstamo Biblioteca de origen Biblioteca actual Ubicación en estantería Fecha de adquisición Fuente de adquisición Total de préstamos Signatura topográfica completa Código de barras Visto por última vez Precio de reemplazo Tipo de ítem Koha
        Biblioteca del Ateneo de Madrid Biblioteca del Ateneo de Madrid Depósito 2 17/01/2008     C-43577 1040609 23/02/2023 23/02/2023 Libro impreso